RICS housing market survey United Kingdom (Record no. 109148)

MARC details
000 -LEADER
fixed length control field 01525cad a22002295a 4500
001 - CONTROL NUMBER
control field L146379
008 - FIXED-LENGTH DATA ELEMENTS--GENERAL INFORMATION
fixed length control field 081111e20081209xxkd f s 000 0 eng d
035 ## - SYSTEM CONTROL NUMBER
System control number (Sirsi) u146379
041 0# - LANGUAGE CODE
Language code of text/sound track or separate title eng
050 04 - LIBRARY OF CONGRESS CALL NUMBER
Classification number 333.33 $2 18
110 2# - MAIN ENTRY--CORPORATE NAME
Corporate name or jurisdiction name as entry element Royal Institution of Chartered Surveyors
9 (RLIN) 4900
245 00 - TITLE STATEMENT
Title RICS housing market survey United Kingdom
Remainder of title December 2008
Medium [electronic resource]
260 ## - PUBLICATION, DISTRIBUTION, ETC.
Place of publication, distribution, etc. London
Name of publisher, distributor, etc. RICS
Date of publication, distribution, etc. 2008
490 ## - SERIES STATEMENT
Series statement RICS Housing Market Survey United Kingdom
Volume/sequential designation December 2008
520 ## - SUMMARY, ETC.
Summary, etc. Survey shows a further improvement in the RICS house price balance, now standing at its least depressed since February 2008. The net balance of Chartered Surveyors reporting a fall than a rise in house prices improved from -75.8 to -75.3 in December. The average number of transactions per surveyor (over the last three months) fell to 10.1%, once again setting a new low for activity. New buyer enquiries and newly agreed sales balances are still negative but improved. Inventory of stocks on surveyor's books dropped to 78.1 in December. The price balance in Scotland fell to its lowest level since the start of the current crisis, while the balance in Northern Ireland improved slightly.
590 ## - LOCAL NOTE (RLIN)
Local note KA
650 24 - SUBJECT ADDED ENTRY--TOPICAL TERM
Topical term or geographic name entry element RICS HOUSING MARKET SURVEY UNITED KINGDOM
651 #4 - SUBJECT ADDED ENTRY--GEOGRAPHIC NAME
Geographic name United Kingdom
Chronological subdivision
690 ## - LOCAL SUBJECT ADDED ENTRY--TOPICAL TERM (OCLC, RLIN)
Topical term or geographic name as entry element PROPERTY-RESIDENTIAL PROPERTY-RESIDENTIAL PROPERTY MARKET
856 40 - ELECTRONIC LOCATION AND ACCESS
Uniform Resource Identifier <a href="https://www.rics.org/site/scripts/download_info.aspx?downloadID=9">https://www.rics.org/site/scripts/download_info.aspx?downloadID=9</a>
Public note View the item free of charge online at www.rics.org...
942 ## - ADDED ENTRY ELEMENTS (KOHA)
Suppress in OPAC 0
Holdings
Withdrawn status Lost status Source of classification or shelving scheme Damaged status Not for loan Home library Current library Shelving location Date acquired Total Checkouts Full call number Barcode Date last seen Copy number Price effective from Koha item type
    Dewey Decimal Classification     Virtual Virtual Online 13/01/2009   ONLINE PUBLICATION 146379-1001 06/08/2019 1 06/08/2019 Book